000 01060nam0a22002651 4500
001 rc\583488
005 20031121163000.8
010 _a5-12-000122-X
_91000
035 _a(NLR Aleph) 005830713
090 _a5577155
_c5577155
100 _a20031121d1988 u |0rusy50 ca
101 0 _arus
102 _aRU
105 _aa |||||||||
200 1 _aОбщественно-политическая жизнь трудящихся Украины в годы Великой Отечественной войны
_eСб. науч. тр.
_fАН УССР, Ин-т истории
_g[Редкол.: Коваль М.В. (отв. ред.) и др.]
210 _aКиев
_cНаукова думка
_d1988
215 _a231, [1] с., [8] л. ил.
_d22
320 _aБиблиогр. в примеч. в конце ст.
702 1 _aКоваль
_bМ. В.
_gМихаил Васильевич
_4340
712 0 2 _aИнститут истории
_cКиев
801 0 _aRU
_bNLR
_gpsbo
801 1 _aRU
_bELAR
_2rusmarc
852 _aNLR
_j88-5/2146
942 _cBOOK
980 _aNB